000 00429nam a22001697a 4500
005 20160531105455.0
008 160531b xxu||||| |||| 00| 0 eng d
020 _a0-07-059391-4
041 _aeng
082 _b6275
100 _aCayword, Clarke L.
_91574
245 _aThe Hand Book of Strategic Public Relations Integrated Communication
260 _bTMH
_c2004
300 _a566
650 _aManagement
_9241
942 _cBK
999 _c2220
_d2219